Statistics for Capitals with Six Letters

Click here to take the quiz!

General Stats

  • This quiz has been taken 1,587 times
    (1,357 since last reset)
  • The average score is 29 of 45

Answer Stats

Capital% Correct
London
95%
Madrid
93%
Berlin
91%
Moscow
90%
Lisbon
89%
Dublin
87%
Athens
86%
Warsaw
86%
Bogota
83%
Ottawa
81%
Vienna
81%
Zagreb
81%
Prague
80%
Ankara
76%
Havana
75%
Tehran
73%
Monaco
70%
Beirut
67%
Tirana
67%
Luanda
66%
Skopje
65%
Manila
64%
Riyadh
64%
Muscat
62%
Lusaka
59%
Kigali
57%
Nassau
57%
Maputo
56%
Taipei
56%
Asmara
55%
Bangui
55%
Harare
55%
Bamako
54%
Banjul
54%
Manama
54%
Dodoma
52%
Maseru
50%
Bissau
47%
Roseau
47%
Majuro
45%
Niamey
45%
Malabo
44%
Moroni
44%
Gitega
43%
Astana
40%

Score Distribution

Percentile by Number Answered

Percent of People with Each Score

Your Score History

You have not taken this quiz since the last reset